The Role of Asian rubber futures exchanges in the European rubber trade (Record no. 70976)

MARC details
000 -LEADER
fixed length control field 00431nam a2200157Ia 4500
100 ## - MAIN ENTRY--AUTHOR NAME
Personal name Evans Howard
245 #4 - TITLE STATEMENT
Title The Role of Asian rubber futures exchanges in the European rubber trade
260 ## - PUBLICATION, DISTRIBUTION, ETC. (IMPRINT)
Name of publisher Rubber International Magazine
Year of publication 2004
300 ## - PHYSICAL DESCRIPTION
Number of Pages 41-43
650 ## - SUBJECT ADDED ENTRY--TOPICAL TERM
Topical Term Asia
650 ## - SUBJECT ADDED ENTRY--TOPICAL TERM
Topical Term Europe
650 ## - SUBJECT ADDED ENTRY--TOPICAL TERM
Topical Term Rubber futures exchange
650 ## - SUBJECT ADDED ENTRY--TOPICAL TERM
Topical Term Rubber trade
942 ## - ADDED ENTRY ELEMENTS (KOHA)
Koha item type Journals
Holdings
Withdrawn status Lost status Damaged status Not for loan Home library Current library Shelving location Date acquired Serial Enumeration / chronology Koha item type
      Journals RRII Library RRII Library Agricultural economics 17/12/2021 Volume 6, Issue 10 Journals